000 02113cam a2200289 4500500
005 20260222004544.0
041 _afre
042 _adc
100 1 0 _aFleury, Mélinda
_eauthor
245 0 0 _aL’historien face au jugement. La Responce pour l’Histoire de Lancelot Voisin de La Popelinière (1585)
260 _c2026.
500 _a16
520 _aCette contribution s’intéresse à la Responce pour l’Histoire (1585), texte de Lancelot Voisin de La Popelinière (1541-1608) qui, quatre ans après la condamnation de l’auteur par le synode des églises réformées de La Rochelle, vise à défendre l’historien. Notre analyse porte sur les stratégies de défense mises en place par La Popelinière : autorités des textes, réception, droit à l’erreur et danger du jugement de l’histoire par une autorité religieuse. Cette étude de cas illustre le rapport de l’auteur face au présent et face à la nouveauté des pratiques historiques.
520 _aThis contribution focuses on the Responce pour l’Histoire (1585), a text written by the Reformed historian Lancelot Voisin de La Popelinière (1541-1608) and whose aims are to defend the historian’s Histoire de France, four years after the condemnation of this work by the synod of Reformed churches in La Rochelle. Our analysis explores the architecture of La Popelinière’s defense between textual authority and reception, the rhetoric of the right to err and the danger there is in allowing a religious authority to judge history. In brief, this case study exemplifies the way the author addresses his present and contributes to the renewal of historical practices.
690 _ahistoire
690 _ahistoriographie
690 _ajugement
690 _aRéforme
690 _asynode
690 _ahistoriography
690 _ahistory
690 _ajudgment
690 _aReformation
690 _asynod
786 0 _nDix-septième siècle | 309 | 4 | 2026-01-09 | p. 667-678 | 0012-4273
856 4 1 _uhttps://shs.cairn.info/revue-dix-septieme-siecle-2025-4-page-667?lang=fr&redirect-ssocas=7080
999 _c1668430
_d1668430